| 000 | 00823nam a2200205 i 4500 | ||
|---|---|---|---|
| 001 | 108697 | ||
| 003 | ES-MaACL | ||
| 005 | 20251012190610.0 | ||
| 007 | t| | ||
| 008 | 061121s1947 sp r ||||1| spa d | ||
| 100 | 1 |
_aMontilla, Rafael. _982657 |
|
| 245 | 1 | 0 |
_aVida y obras de D. Francisco de Leyva y Ramírez de Arellano autor dramático malagueño del siglo XVII / _cRafael Montilla. |
| 260 |
_aMálaga : _b[s.n.], _c1947 ( _fDiputación Provincial) |
||
| 300 |
_a170 p. 1 lám. : _b`Retr. aut. biografiado` ; _c16 cm. |
||
| 490 | 1 |
_aPublicaciones del Instituto de Cultura. Serie B ; _v2 |
|
| 600 | 1 | 4 |
_aLeiva Ramírez de Arellano, Francisco de, _d1630-1676 _972095 |
| 830 | 0 |
_aPublicaciones del Instituto de Cultura. Serie B ; _v2 _9185567 |
|
| 852 |
_aES-MaACL _jE-491 _bR.26178 |
||
| 999 |
_c108697 _d108697 |
||